|
|
|
|
| LEADER |
00816nam a22002412a 4500 |
| 001 |
000681316 |
| 003 |
CZ BrMZK |
| 005 |
20090329170856.0 |
| 008 |
030811s1975 xr f cze d |
| 040 |
|
|
|a BOA001
|b cze
|c BOA002
|
| 041 |
1 |
|
|a cze
|h ger
|
| 100 |
1 |
|
|a Dürrenmatt, Friedrich,
|d 1921-1990
|7 jn19990001942
|4 aut
|
| 245 |
1 |
0 |
|a Soudce a jeho kat /
|c Friedrich Dürrenmatt ; z něm. orig. přel. Rio Preisner
|
| 250 |
|
|
|a 1., české exil. vyd.
|
| 260 |
|
|
|a Zürich :
|b Konfrontation,
|c 1975
|
| 300 |
|
|
|a 101 s.
|
| 490 |
1 |
|
|a Konfrontace
|
| 700 |
1 |
|
|a Preisner, Rio,
|d 1925-2007
|7 jk01101023
|4 trl
|
| 765 |
0 |
|
|t Richter und sein Henker
|9 Česky
|
| 830 |
|
0 |
|a Konfrontace
|
| 910 |
|
|
|a BOA001
|b PK-0112.318
|
| 990 |
|
|
|a BK
|
| 996 |
7 |
|
|b 3119968988
|c PK-0112.318
|l MZK
|r Sklad / do 1 hodiny
|n 29
|w 000681316
|u 000020
|a 1
|e BOA001
|j MZK50
|s A
|